| 000 | 00463pam a2200157 a 4500 | ||
|---|---|---|---|
| 020 | _a0070225923 : | ||
| 040 | _cDLC | ||
| 082 | 0 | 0 | _a658 MCG 1992 A040 Or. |
| 100 | 1 | _aFritz, Roger. | |
| 245 | 1 | 4 |
_aThe entrepreneurial family : _bhow to sustain the vision and value in your family business / |
| 260 |
_aNew York : _bMcGraw-Hill, _cc1992. |
||
| 300 |
_axxi, 218 p. : _bill. ; _c24 cm. |
||
| 500 | _aIncludes index. | ||
| 650 | 0 | _aFamily corporations | |
| 942 | _cEK | ||
| 999 |
_c11989 _d11989 |
||